000 00646nam a2200241Ia 4500
003 OSt
005 20221007071849.0
006 a|||||r|||| 00| 0
007 ta
008 221006b |||||||| |||| 00| 0 eng d
024 _a15,181
037 _cTextual
040 _aFLL
_cFLL
_beng
041 _2eng
_aeng
082 _aX:9:Z73, K5-1
100 _aWilliams Jerre S.
_9689579
245 0 _aLabor relations and the law (Supl)
250 _a3rd
260 _aLondon
_bLittle, Brown and Company London
_c1965
300 _a118p
_ccm.
942 _hX:9:Z73, K5-1
_cTEXL
_2CC
999 _c1144511
_d1144511